Central Library OPAC University of Rajshahi

Formal organizations : (Record no. 32776)

MARC details
000 -LEADER
fixed length control field 00882nam a2200253 a 4500
001 - CONTROL NUMBER
control field 32776
003 - CONTROL NUMBER IDENTIFIER
rucl marc code BD-RjUL
005 - DATE AND TIME OF LATEST TRANSACTION
control field 20211209051907.0
008 - FIXED-LENGTH DATA ELEMENTS--GENERAL INFORMATION
fixed length control field 140428s1963 enk b 001 0 eng d
035 ## - SYSTEM CONTROL NUMBER
System control number (BD-RjUL)32866
040 ## - CATALOGING SOURCE
Original cataloging agency VU.
Language of cataloging eng
Transcribing agency VU.
Modifying agency XNTU
-- BD-RjUL
041 ## - LANGUAGE CODE
Language code of text/sound track or separate title eng
082 04 - DEWEY DECIMAL CLASSIFICATION NUMBER
Classification number 302.35
Edition number 19
Author mark and year BLF 1963
100 1# - MAIN ENTRY--PERSONAL NAME
Personal name Blau, Peter M.
Fuller form of name (Peter Michael)
9 (RLIN) 99658
245 10 - TITLE STATEMENT
Title Formal organizations :
Remainder of title a comparative approach /
Statement of responsibility, etc. by Peter M. Blau and W. Richard Scott.
260 ## - PUBLICATION, DISTRIBUTION, ETC. (IMPRINT)
Place of publication, distribution, etc. London [England] :
Name of publisher, distributor, etc. Routledge and Kegan Paul,
Date of publication, distribution, etc. 1963 [Reprinted 1964]
300 ## - PHYSICAL DESCRIPTION
Pagination xiv, 312 [13] p.:
Size 23 cm.
490 0# - SERIES STATEMENT
Series statement International library of sociology and social reconstruction
504 ## - BIBLIOGRAPHY, ETC. NOTE
Bibliography, etc Bibliography: p.258-302 and index.
650 #0 - SUBJECT ADDED ENTRY--TOPICAL TERM
Topical term or geographic name as entry element Organization.
9 (RLIN) 99659
Topical term or geographic name as entry element Associations, institutions, etc.
9 (RLIN) 99660
700 1# - ADDED ENTRY--PERSONAL NAME
Personal name Scott, W. Richard.
942 ## - ADDED ENTRY ELEMENTS (KOHA)
Source of classification or shelving scheme Dewey Decimal Classification
Koha item type Books
Holdings
Lost status Source of classification or shelving scheme Damaged status Not for loan Collection code Permanent Location Current Location Date acquired Source of acquisition Cost, normal purchase price Full call number Date last seen Copy number Koha item type Shelving location Total Checkouts
  Dewey Decimal Classification     Non-fiction Central Library, University of Rajshahi Central Library, University of Rajshahi 07/03/1966 Zeitlinger 0.00 302.35 BLF 1964 28/04/2014 C-3 Books    
  Dewey Decimal Classification     Non-fiction Central Library, University of Rajshahi Central Library, University of Rajshahi 23/06/1965 Euro-Pak 22.75 302.35 BLF 1964 28/04/2014 C-4 Books    
  Dewey Decimal Classification   Not For Loan Non-fiction Central Library, University of Rajshahi Central Library, University of Rajshahi 01/06/1965 Eureka 22.75 302.35 BLF 1964 30/04/2014 C-1 Books Reading Room  
  Dewey Decimal Classification     Non-fiction Central Library, University of Rajshahi Central Library, University of Rajshahi 01/06/1965 Eureka 22.75 302.35 BLF 1964 30/04/2014 C-2 Books    
  Dewey Decimal Classification     Non-fiction Central Library, University of Rajshahi Central Library, University of Rajshahi 07/03/1966 Zeitlinger 0.00 302.35 BLF 1964 10/06/2014 C-5 Books